header

CLASSROOM DISCIPLINE AND CONTROL:101 practical techniques (Record no. 251048)

MARC details
000 -LEADER
fixed length control field 00300nam a22001097a 4500
020 ## - INTERNATIONAL STANDARD BOOK NUMBER
ISBN 0131362836
100 ## - MAIN ENTRY--AUTHOR NAME
Personal name FRED B.CHERNOW,CAROL CHERNOW
245 ## - TITLE STATEMENT
Title CLASSROOM DISCIPLINE AND CONTROL:101 practical techniques
260 ## - PUBLICATION, DISTRIBUTION, ETC. (IMPRINT)
Place of publication NEW YORK
Name of publisher PARKER PUBLISHING COMPANY
Year of publication 1981
300 ## - PHYSICAL DESCRIPTION
Number of Pages 204
942 ## - ADDED ENTRY ELEMENTS (KOHA)
Koha item type Long Loan Books
Holdings
Withdrawn status Lost status Collection code Home library Current library Shelving location Date acquired Full call number Accession Number Koha item type
    Non-fiction Rongo University Library Rongo University Library General Stacks 05/11/2015 LB3013 .C47 1981 20155737 Long Loan Books

© 2026 Rongo University
Contact us: librarian | system librarian | Rongo university